书目信息 |
| 题名: |
手性合成与手性药物
|
|
| 作者: | 林国强 , 王梅祥 主编 | |
| 分册: | ||
| 出版信息: | 北京 化学工业出版社 2008 |
|
| 页数: | 449页 | |
| 开本: | 26cm | |
| 丛书名: | ||
| 单 册: | ||
| 中图分类: | R914.5 | |
| 科图分类: | ||
| 主题词: | 不对称有机合成--药物化学 | |
| 电子资源: | ||
| ISBN: | 978-7-122-02323-0 | |
| 000 | 01012nam0 2200241 45 | |
| 005 | 20100303151110.21 | |
| 010 | @a978-7-122-02323-0@dCNY90.00 | |
| 100 | @a20100121d2008 em y0chiy0110 ea | |
| 101 | 0 | @achi |
| 102 | @aCN@b110000 | |
| 105 | @ay z 000yy | |
| 106 | @ar | |
| 200 | 1 | @a手性合成与手性药物@f林国强,王梅祥主编 |
| 210 | @a北京@c化学工业出版社@d2008 | |
| 215 | @a449页@c彩图@d26cm | |
| 300 | @a国家自然科学基金重大项目 国家自然科学基金资助项目批准号:20390050 | |
| 330 | @a本在简要介绍手性合成、手性药物基础知识的基础上,按反应方法学,分别介绍了生物催化不对称合成、不对称还原与氧化反应、不对称碳-碳键形成反应、不对称Baylis-Hillman反应、金属卡宾经由的不对称催化叶立德反应、生物碱及相关药物的不对称合成、串联重排反应、可回收高效手性催化剂及其不对称催化合成。最后,介绍了作用于M受体手性分子的药理学研究。 | |
| 606 | 0 | @a不对称有机合成@x药物化学 |
| 690 | @aR914.5@v4 | |
| 701 | 0 | @a林国强@4主编 |
| 701 | 0 | @a王梅祥@4主编 |
| 801 | 0 | @aCN@bTANGWEI@c20100303 |
| 905 | @b0585515-17@dR914.5@e80@f3 | |
| 手性合成与手性药物/林国强,王梅祥主编.-北京:化学工业出版社,2008 |
| 449页:彩图;26cm |
| 国家自然科学基金重大项目 国家自然科学基金资助项目批准号:20390050 |
| ISBN 978-7-122-02323-0:CNY90.00 |
| 本在简要介绍手性合成、手性药物基础知识的基础上,按反应方法学,分别介绍了生物催化不对称合成、不对称还原与氧化反应、不对称碳-碳键形成反应、不对称Baylis-Hillman反应、金属卡宾经由的不对称催化叶立德反应、生物碱及相关药物的不对称合成、串联重排反应、可回收高效手性催化剂及其不对称催化合成。最后,介绍了作用于M受体手性分子的药理学研究。 |
| ● |
| 相关链接 |
|
|
|
|
正题名:手性合成与手性药物
索取号:R914.5/80
 
预约/预借
| 序号 | 登录号 | 条形码 | 馆藏地/架位号 | 状态 | 备注 |
| 1 | 0585515 | 205855154 | 第二样本阅览室/ [索取号:R914.5/80] | 在馆 | |
| 2 | 0585516 | 205855163 | 密集书库-化学系/ [索取号:R914.5/80] | 在馆 | |
| 3 | 0585517 | 205855172 | 第三借阅区/ [索取号:R914.5/80] | 在馆 |